Statistics for sidemen quiz 2020

Click here to take the quiz!

General Stats

  • This quiz has been taken 1,347 times
  • The average score is 12 of 25

Answer Stats

HintAnswer% Correct
the oldest sidemanjosh
99%
who lives with simonjj
98%
the youngest sidemenharry
98%
simon’s girlfriendtalia
79%
jj’s brotherdeji
78%
josh’s girlfriendfreya
75%
tobi’s brother who has a youtube channelmanny
74%
harry’s girlfriendkatie
54%
name of jj’s disstrack to harrylittle boy
51%
what were they called before the sidementhe ultimate sidemen
45%
tobi and manny’s songdestined for greatness
44%
who is JJ’s EP ‘new age’ joint withrandolph
40%
name of JJ’s disstrack to ethanearthquake
40%
name of vik’s disstrack to dejiThe end
36%
name of simons disstrack to dejiKSI’s Little Brother
34%
name of harry’s first disstrack to jjKSI SUCKS
33%
simon’s younger older brothernick
30%
who does ethan live withcharlie
27%
name of jj’s disstrack to both ethan and harrytwo birds one stone
25%
name of ethans first disstrack to jjDrama
24%
name of ethans second disstrack to jjfinished
19%
name of harry’s second disstrack to JJKSI EXPOSED
19%
who does ‘houdini’ by KSI featureswarmz and tion wayne
15%
who lives with harry as of march 2020calfreezy and callux
15%
simon’s oldest brotherjohnny
7%

Score Distribution

Percentile by Number Answered

Percent of People with Each Score

Your Score History

You have not taken this quiz